LEADER 01259nam0 22003013i 450 001 MOD0413806 005 20231121125554.0 010 $a3519017768 100 $a20151016e19951895||||0itac50 ba 101 | $agrc 102 $ade 181 1$6z01$ai $bxxxe 182 1$6z01$an 200 1 $aMusici scriptores Graeci$eAristoteles Euclides Nicomachus Bacchius Gaudentius Alypius et melodiarum veterum quidquid exstat$frecognovit prooemiis et indice instruxit Carl Jan 205 $aEd. stereotypa editionis primae (1895) 210 $aStutgardiae$aLipsiae$cin aedibus B. G. Teubneri$d1995 215 $aXCIII, 503 p.$d21 cm$e1 c. di tav. ripieg. in tasca 225 | $aBibliotheca scriptorum Graecorum et Romanorum Teubneriana 300 $aRipr. facs. dell'ed. 1895 410 0$1001CFI0069176$12001 $aBibliotheca scriptorum Graecorum et Romanorum Teubneriana 421 1$1001MOD0417626$12001 $aMusici scriptores Graeci. Supplementum melodiarum reliquiae$frecognovit prooemiis et indice instruxit Carl Jan 702 1$aJan$b, Karl : von$3TO0V073592 790 1$aJanus$b, Carolus$3CFIV230133$zJan, Karl : von 801 3$aIT$bIT-01$c20151016 912 $aMOD0413806 977 $a 52 996 $aMusici scriptores Graeci$974181 997 $aUNICAS